Motivate like Muhammad : (Record no. 5007)

000 -LEADER
fixed length control field 00680nam a2200193 a 4500
005 - DATE AND TIME OF LATEST TRANSACTION
control field 20240614091533.0
008 - FIXED-LENGTH DATA ELEMENTS--GENERAL INFORMATION
fixed length control field 240614t2022 my ||||| |||| 00| 0 may d
020 00 - INTERNATIONAL STANDARD BOOK NUMBER
International Standard Book Number 9789674818579
040 ## - CATALOGING SOURCE
Original cataloging agency AKMAL
082 00 - DEWEY DECIMAL CLASSIFICATION NUMBER
Classification number 158.1088297 AIN
090 00 - LOCALLY ASSIGNED LC-TYPE CALL NUMBER (OCLC); LOCAL CALL NUMBER (RLIN)
Classification number (OCLC) (R) ; Classification number, CALL (RLIN) (NR) 158.1088297
Local cutter number (OCLC) ; Book number/undivided call number, CALL (RLIN) AIN
245 10 - TITLE STATEMENT
Title Motivate like Muhammad :
Remainder of title Teknik melaksanakan nilai positif dalam menguruskan dan pentadbiran /
Statement of responsibility, etc. Ainon Mohd & Ahmad Syukri Yusoff
260 00 - PUBLICATION, DISTRIBUTION, ETC.
Place of publication, distribution, etc. Selangor :
Name of publisher, distributor, etc. Publishing House Sdn. Bhd.,
Date of publication, distribution, etc. 2022
300 ## - PHYSICAL DESCRIPTION
Extent xxi, 367p. :
Other physical details ill. col. ;
Dimensions 19cm
650 00 - SUBJECT ADDED ENTRY--TOPICAL TERM
Topical term or geographic name entry element Muhammad, Prophet, -632
9 (RLIN) 9562
650 00 - SUBJECT ADDED ENTRY--TOPICAL TERM
Topical term or geographic name entry element Leadership
General subdivision Religious aspect
-- Islam
9 (RLIN) 9564
650 00 - SUBJECT ADDED ENTRY--TOPICAL TERM
Topical term or geographic name entry element Islamic leadership
9 (RLIN) 2614
942 ## - ADDED ENTRY ELEMENTS (KOHA)
Source of classification or shelving scheme
Koha item type Book
Holdings
Withdrawn status Lost status Source of classification or shelving scheme Damaged status Not for loan Collection code Home library Current library Shelving location Date acquired Inventory number Total Checkouts Full call number Barcode Date last seen Date last checked out Price effective from Koha item type
          NON-FICTION AKMAL Melaka AKMAL Melaka PINJAMAN 14.06.2024 011557 3 158.1088297 AIN 201708240 14.04.2025 12.03.2025 14.06.2024 Book
Pusat Sumber Maklumat Dato' Haji Sarmin Md Hussin, Akademi Kastam Diraja Malaysia, Melaka
Tel: 06-2331106 | Faks: 06-2313787